<?xml version="1.0" encoding="UTF-8"?>
<record
    xmlns:xsi="http://www.w3.org/2001/XMLSchema-instance"
    xsi:schemaLocation="http://www.loc.gov/MARC21/slim http://www.loc.gov/standards/marcxml/schema/MARC21slim.xsd"
    xmlns="http://www.loc.gov/MARC21/slim">

  <leader>00749nam a22002057a 4500</leader>
  <controlfield tag="005">20230707161446.0</controlfield>
  <controlfield tag="008">230707b           ||||| |||| 00| 0 eng d</controlfield>
  <datafield tag="040" ind1=" " ind2=" ">
    <subfield code="c">AL</subfield>
  </datafield>
  <datafield tag="041" ind1=" " ind2=" ">
    <subfield code="a">mal</subfield>
  </datafield>
  <datafield tag="082" ind1=" " ind2=" ">
    <subfield code="2">23</subfield>
    <subfield code="a">894.8123</subfield>
    <subfield code="b">VALR</subfield>
  </datafield>
  <datafield tag="100" ind1=" " ind2=" ">
    <subfield code="a">P Valsala: &#xD2A;&#xD3F; &#xD35;&#xD24;&#xD4D;&#xD38;&#xD32; </subfield>
    <subfield code="9">126003</subfield>
  </datafield>
  <datafield tag="245" ind1=" " ind2=" ">
    <subfield code="a">Rosemariyude Akasangal: &#xD31;&#xD4B;&#xD38;&#xD4D;&#x200C;&#xD2E;&#xD30;&#xD3F;&#xD2F;&#xD41;&#xD1F;&#xD46; &#xD06;&#xD15;&#xD3E;&#xD36;&#xD19;&#xD4D;&#xD19;&#xD7E; </subfield>
  </datafield>
  <datafield tag="260" ind1=" " ind2=" ">
    <subfield code="a">Thrissur</subfield>
    <subfield code="b">August Books</subfield>
    <subfield code="c">1993</subfield>
  </datafield>
  <datafield tag="300" ind1=" " ind2=" ">
    <subfield code="a">157p.</subfield>
    <subfield code="b">PB</subfield>
    <subfield code="c">21x14cm.</subfield>
  </datafield>
  <datafield tag="365" ind1=" " ind2=" ">
    <subfield code="2">Malayalam</subfield>
    <subfield code="b">38.00</subfield>
    <subfield code="c">&#x20B9;</subfield>
    <subfield code="d">38.00</subfield>
  </datafield>
  <datafield tag="650" ind1=" " ind2=" ">
    <subfield code="a">Malayalam Fiction: &#xD2E;&#xD32;&#xD2F;&#xD3E;&#xD33;&#xD02; &#xD2B;&#xD3F;&#xD15;&#xD4D;&#xD37;&#xD7B; </subfield>
    <subfield code="9">126004</subfield>
  </datafield>
  <datafield tag="650" ind1=" " ind2=" ">
    <subfield code="a">Malayalam Novel: &#xD2E;&#xD32;&#xD2F;&#xD3E;&#xD33;&#xD02; &#xD2B;&#xD3F;&#xD15;&#xD4D;&#xD37;&#xD7B; </subfield>
    <subfield code="9">126005</subfield>
  </datafield>
  <datafield tag="700" ind1=" " ind2=" ">
    <subfield code="a">VALSALA (P): &#xD35;&#xD24;&#xD4D;&#xD38;&#xD32; (&#xD2A;&#xD3F;)</subfield>
    <subfield code="9">126006</subfield>
  </datafield>
  <datafield tag="942" ind1=" " ind2=" ">
    <subfield code="2">ddc</subfield>
    <subfield code="c">DB</subfield>
  </datafield>
  <datafield tag="999" ind1=" " ind2=" ">
    <subfield code="c">227761</subfield>
    <subfield code="d">227761</subfield>
  </datafield>
  <datafield tag="952" ind1=" " ind2=" ">
    <subfield code="0">0</subfield>
    <subfield code="1">0</subfield>
    <subfield code="2">ddc</subfield>
    <subfield code="4">0</subfield>
    <subfield code="7">0</subfield>
    <subfield code="8">OTH</subfield>
    <subfield code="a">AL</subfield>
    <subfield code="b">AL</subfield>
    <subfield code="d">2023-06-14</subfield>
    <subfield code="l">0</subfield>
    <subfield code="o">894.8123 VALR</subfield>
    <subfield code="p">D05817</subfield>
    <subfield code="r">2023-07-07 00:00:00</subfield>
    <subfield code="w">2023-07-07</subfield>
    <subfield code="y">DB</subfield>
    <subfield code="z">Donated by Sara Abubakkar</subfield>
  </datafield>
</record>
